| 000 | 01257nam0a2200385 4500 | ||
|---|---|---|---|
| 001 | RU\NLR\bibl\402841 | ||
| 005 | 20250622164643.0 | ||
| 010 |
_a5-88503-133-9 _97000 |
||
| 021 |
_aRU _b2003-16747 _9772 |
||
| 035 | _a(NLR Aleph) 000396988 | ||
| 090 |
_a551156 _c551156 |
||
| 100 | _a20030523d2003 |||y0rusy50 ca | ||
| 101 | 0 | _arus | |
| 102 | _aRU | ||
| 105 | _aa ||||||||| | ||
| 200 | 1 | _aЭлектропроводка | |
| 210 |
_aМ. _aСПб. _cДиля _d2003 |
||
| 215 |
_a173, [1] с. _cил. _d20 |
||
| 225 | 1 | _aЕвроремонт своими руками | |
| 320 | _aБиблиогр.: с. 169-173 | ||
| 606 | 0 |
_aЭлектропроводка внутри жилых зданий _92238978 _3RU\NLR\auth\661343579 |
|
| 606 | 0 |
_aЖилые дома _xЭлектропроводка _92236275 _3RU\NLR\auth\661342054 |
|
| 610 | 0 | _aЭлектромонтажные работы | |
| 610 | 0 | _aЖилые помещения - Ремонт | |
| 675 |
_a689:621.311 _v3 _zrus |
||
| 686 |
_a80 _2rugasnti |
||
| 686 |
_a31.279.2 _2rubbk |
||
| 686 | _aЗ279.27 | ||
| 801 | 0 |
_aRU _bRKP _c20030523 _gPSBO |
|
| 801 | 1 |
_aRU _bRKP _c20030523 |
|
| 801 | 2 |
_aRU _bNLR _c20030609 _grcr |
|
| 942 | _cBOOK | ||
| 980 | _aNB | ||